| 000 | 00517nam a22001577a 4500 | ||
|---|---|---|---|
| 999 |
_c529397 _d529397 |
||
| 020 | _qHard Cover. | ||
| 082 | _a621.3 | ||
| 100 | _aSafdar, Saira | ||
| 245 |
_aReport Generation on ECGS Survey Data Using Threshold Based Inference Engien / _cSaira Safdar. |
||
| 260 |
_aIslamabad: _bMCS - NUST, _c2012. |
||
| 300 |
_a93 p.: ill.; _c30cm. |
||
| 942 |
_2ddc _cTHE |
||
| 650 |
_aComputer Software Engineering MS-Thesis. _916105 |
||
| 700 |
_aDr. Fahim Arif _920941 |
||